=LDR 00000nam 2200000 4500 =001 001093 =005 20250713110306 =035 ##$$a 0010-0725000976 =007 ta =008 250713################a##########0#ind## =020 ##$$a 978-623-472-395-3 =082 ##$$a 398.209 598 =084 ##$$a 398.209 598 ABB a =100 #$$a Abbott, Andrea =245 1#$$a Aku Akan Membantumu /$c Andrea Abbott =250 ##$$a cetakan pertama =260 ##$$a jakarta :$b badan pengembangan dan pembinaan bahasa,$c 2022 =300 ##$$a 28 hlm. : $b ilus. ; $c 22,9 cm$e 398.209 598 =650 #4$$a cerita anak indonesia =856 ##$$a cerita anak indonesia =990 ##$$a TBM202400776